| 000 | 00429cam a2200181ua 4500 | ||
|---|---|---|---|
| 020 | _a0-7121-3478-X | ||
| 041 |
_aeng _h |
||
| 082 |
_a624.1517 _bSHE/EN |
||
| 100 | _aShepherd, F A . | ||
| 245 |
_aEngineering surveying / _cF A Shepherd. _hTextual Documents |
||
| 250 |
_a2 / _b. |
||
| 260 |
_a : _bEdward Arnold , _c1983. |
||
| 300 | _a370 ; . | ||
| 504 | _a | ||
| 942 | _cBK | ||
| 999 |
_c1902 _d1902 |
||